000 004130000a22001570004500
001 000074
003 MACL
040 _aMACL
090 _c74
_d74
100 _aGupta, Shanti swarup
245 _aEconomic Philosophy Of mahatma Gandhi
_bGandian Studies And Peace Research Series-10
_cShanti swarup Gupta
260 _aConcept Publishing Company,
_c1994
350 _a400
650 _aHistory
942 _k923
_cBook
999 _c49381
_d49381